000 00273nam a2200121Ia 4500
008 231129s9999||||xx |||||||||||||| ||spa||
040 _bspa
082 _a551.6 T475c
100 _aThompson Philip D
245 0 _aEl clima
264 _aTime-Life Books
942 _2ddc
_cBKS
999 _c10588
_d10588